LEADER 01503nas 2200493- 450 001 9910799264003321 005 20240914213022.0 011 $a2196-677X 035 $a(DE-599)ZDB2810341-5 035 $a(OCoLC)67618072 035 $a(CKB)958480278103 035 $a(CONSER)--2015207021 035 $a(EXLCZ)99958480278103 100 $a20060425a19859999 s-- - 101 0 $ager 135 $aurun||||||||| 181 $ctxt$2rdacontent 182 $cc$2rdamedia 183 $acr$2rdacarrier 200 00$aAutomatisierungstechnik $eAT 210 1$aMünchen :$cOldenbourg 210 31$aBerlin, Germany :$cWalter de Gruyter GmbH. 215 $a1 online resource 300 $aRefereed/Peer-reviewed 311 $a0178-2312 517 1 $aAT 531 $aAUTOMATISIERUNGSTECHNIK AUTOMATISIERUNG PROZESS 531 $aAT-AUTOM 531 $aAUTOM 606 $aAutomatic control$vPeriodicals 606 $aAutomatic control$2fast$3(OCoLC)fst00822702 606 $aCommande automatique$vPériodiques 608 $aPeriodicals.$2fast 608 $aPeriodicals.$2lcgft 615 0$aAutomatic control 615 7$aAutomatic control. 615 6$aCommande automatique 676 $a629.8/05 712 02$aVDI/VDE-Gesellschaft Mess- und Regelungstechnik, 712 02$aNormenarbeitsgemeinschaft für Mess- und Regeltechnik in der Chemischen Industrie, 906 $aJOURNAL 912 $a9910799264003321 996 $aAutomatisierungstechnik$92298344 997 $aUNINA LEADER 04470nam 22005775 450 001 9910556893103321 005 20240717175246.0 010 $a9783030944445 010 $a3030944441 024 7 $a10.1007/978-3-030-94444-5 035 $a(MiAaPQ)EBC6935093 035 $a(Au-PeEL)EBL6935093 035 $a(CKB)21418406200041 035 $a(PPN)261525034 035 $a(DE-He213)978-3-030-94444-5 035 $a(EXLCZ)9921418406200041 100 $a20220321d2022 u| 0 101 0 $aeng 135 $aurcnu|||||||| 181 $ctxt$2rdacontent 182 $cc$2rdamedia 183 $acr$2rdacarrier 200 10$aDigital Marketing Strategies for Value Co-creation $eModels and Approaches for Online Brand Communities /$fby Wilson Ozuem, Michelle Willis 205 $a1st ed. 2022. 210 1$aCham :$cSpringer International Publishing :$cImprint: Palgrave Macmillan,$d2022. 215 $a1 online resource (259 pages) 311 08$aPrint version: Ozuem, Wilson Digital Marketing Strategies for Value Co-Creation Cham : Springer International Publishing AG,c2022 9783030944438 320 $aIncludes bibliographical references and index. 327 $aChapter 1: Introducing Online Brand Communities -- Chapter 2: Participation and customer involvement -- Chapter 3: Online brand communities and loyalty intentions -- Chapter 4: Consumer engagement -- Chapter 5: Social identity and online brand communities -- Chapter 6: Brand and customer loyalty in online brand communities -- Chapter 7: Brand relationship and engagement -- Chapter 8: Managing service failure and recovery and online brand communities -- Chapter 9: Value co-creation sphere -- Chapter 10: Influencer marketing. 330 $aOnline brand communities (OBCs) are hugely important in the development of marketing strategy, but it is unclear how marketers can effectively utilise these platforms to enhance and develop consumer engagement. For an online brand community to be successful, it should allow members to feel a connection to the brand and with other members while forming a disconnection from those not belonging to the community. It should also have rituals and traditions that join members together over a revered commonality, and moral responsibility in contributing to the community. Indeed, brands play active roles in securing degrees of activity in OBCs' through content that offers members the quality of engagement they seek. This book focuses on contemporary digital marketing issues in OBCs, offering a comprehensive examination of consumers' response to active engagement in such communities. It discusses how brands can tap into the various levels of participation, engagement and online conversations in the development of marketing strategy and ultimately examines how an online brand community strengthens value co-creation. Balancing theory with practical approaches, this book gives serious treatment to an important yet until now overlooked area of digital marketing strategy, providing an important resource for scholars, students and practitioners. Wilson Ozuem's area of expertise lies in digital marketing and innovation. He teaches digital marketing at several UK universities. Professor Ozuem is acknowledged as an international leader in the field of digital marketing and multichannel retailing. His current research focuses on the effects of online brand communities on marketing strategy. Michelle Willis's expertise is in digital marketing. Her current research interests include online service failure and recovery strategies and customer loyalty, particularly with the millennial generation. Her research has been publishedand presented in various journals and conferences, including those of the American Marketing Association and the European Marketing Academy. 606 $aTelemarketing 606 $aInternet marketing 606 $aBranding (Marketing) 606 $aDigital Marketing 606 $aBranding 615 0$aTelemarketing. 615 0$aInternet marketing. 615 0$aBranding (Marketing) 615 14$aDigital Marketing. 615 24$aBranding. 676 $a658.827 676 $a658.827 700 $aOzuem$b Wilson$f1974-$01263851 702 $aWillis$b Michelle$f1986- 801 0$bMiAaPQ 801 1$bMiAaPQ 801 2$bMiAaPQ 906 $aBOOK 912 $a9910556893103321 996 $aDigital marketing strategies for value co-creation$92962883 997 $aUNINA